| 000 | 01831nam0a22003251 4500 | ||
|---|---|---|---|
| 001 | v19\rc\1584074 | ||
| 005 | 20061002110232.4 | ||
| 035 | _a(NLR Aleph) 004710163 | ||
| 090 |
_a4189019 _c4189019 |
||
| 100 | _a20061002d1894 |||y0rusy50 ca | ||
| 101 | 0 | _arus | |
| 102 | _aRU | ||
| 105 | _ay z ||||| | ||
| 200 | 1 |
_aПредварительный отчет рекогносцировочной экспедиции 1894 г. по работам Гидротехнического отдела в верховьях рек Волги, Днепра, Красивой Мечи, Оки и Сызрана _f[Соч.] Нач. Отд. Ф.Г. Зброжека _gЭкспедиция по исслед. источников главнейших рек Европ. России |
|
| 210 |
_aСанкт-Петербург _cтип. А. Якобсона _d1894 |
||
| 215 |
_a31 с. _d24 |
||
| 300 | _aНа правах рукописи | ||
| 532 | 1 | 1 | _aПредварительный отчет рекогносцировочной экспедиции тысяча восемьсот девяносто четвертого года по работам Гидротехнического отдела в верховьях рек Волги, Днепра, Красивой Мечи, Оки и Сызрана |
| 700 | 1 |
_aЗброжек _bФ. Г. _f1849-1902 _gФедор Григорьевич |
|
| 712 | 1 | 2 |
_aЭкспедиция по исследованию источников главнейших рек Европейской России _f1894-1902 |
| 801 | 0 |
_aRU _bNLR _gpsbo |
|
| 801 | 0 |
_aRU _bRuMoRGB _2psbo |
|
| 801 | 1 |
_aRU _bProSoft-M _2rusmarc |
|
| 852 |
_aNLR _j18.180.4.8 |
||
| 899 |
_aRuMoRGB _jO 53/156 (7) |
||
| 899 |
_aRuMoRGB _jS 36/615 (7) |
||
| 899 | _aБАН | ||
| 899 | _aНБ СПбГУ | ||
| 942 | _cBOOK | ||
| 980 | _aNB | ||